| 000 | 00949nam a2200205 a 4500 | ||
|---|---|---|---|
| 008 | 120416s1967 ||||||||||||||||| || u | ||
| 020 | _a0340078278 | ||
| 050 | _aHB 3666.R4 Kay | ||
| 100 | _aKay, George | ||
| 245 | 1 | 2 | _aA Social geography of Zambia |
| 246 | _aa survey of population patterns in a developing country | ||
| 260 |
_aLondon _bUniversity of London Press _c1967 |
||
| 300 | _a160p. : ill. | ||
| 350 | _a0.00 | ||
| 650 | _aGEOGRAPHY | ||
| 650 | _aSOCIAL GEOGRAPHY--ZAMBIA | ||
| 995 |
_aANNEX COLLECTION (Main Library) _D0.00 _e711984 _FCBU-MAIN LIBRARY (Kitwe) _H1 _I0.00 _jZAM HB 3666.R4 Kay _M1 _UAVAILABLE _y002608 _ZAnnex Low-Usage Collection |
||
| 995 |
_aSPECIAL COLLECTIONS _D0.00 _e715382 _FCBU-MAIN LIBRARY (Kitwe) _H3 _I0.00 _jZAM HB 3666.R4 Kay _M3 _UAVAILABLE _y018593 _ZZambiana Collection |
||
| 995 |
_aSPECIAL COLLECTIONS _D0.00 _e718595 _FCBU-MAIN LIBRARY (Kitwe) _H2 _I0.00 _jZAM HB 3666.R4 Kay _M2 _UAVAILABLE _y018592 _ZZambiana Collection |
||
| 999 |
_c76577 _d76577 |
||